National Anthem of Portugal - "A Portuguesa" - Statistics

General Stats
  • This quiz has been taken 46 times
  • The average score is 43 of 57
Answer Stats
Answer % Correct
do
90%
Heróis
90%
mar,
90%
nação
87%
nobre
87%
povo,
87%
valente,
87%
de
85%
o
85%
Portugal!
85%
as
82%
de
82%
hoje
82%
imortal,
82%
novo
82%
a
79%
brumas
79%
da
79%
Entre
79%
levantai
79%
memória,
79%
ó
79%
Pátria,
79%
teus
77%
armas,
74%
armas!
74%
armas,
74%
armas!
74%
Às
74%
às
74%
às
74%
às
74%
avós,
74%
marchar,
74%
marchar!
74%
Sobre
74%
sobre
74%
voz
74%
a
72%
canhões,
72%
Contra
72%
dos
72%
esplendor
72%
mar,
72%
o
72%
que
72%
lutar!
69%
Pátria
69%
Pela
69%
sente-se
69%
terra,
69%
à
67%
os
67%
vitória!
67%
egrégios
59%
guiar-te
59%
há-de
51%
No matching quizzes found
Score Distribution
Percent of People with Each Score
Percentile by Number Answered
Your Score History
You have not taken this quiz